000 00737nam a2200289Ia 4500
005 20260324133826.0
008 008 260324s9999 xx 000 0 eng d
020 _a9780203037331
037 _aEBOOK
040 _aCRL
040 _beng
040 _cCRL
041 _2eng
041 _aeng
084 _qCRL
100 _aEva Poluha; Mona Rosendahl
_91194545
245 0 _aContesting 'Good' Governance
245 0 _bCrosscultural Perspectives on Representation, Accountability and Public Space
260 _bTaylor and Francis
260 _c2002
365 _a
365 _b230
856 _uhttp://www.taylorfrancis.com/books/9780203037331
942 _cEBOOK
999 _c1793984
_d1793984